Economía

Saved in:
Bibliografiske detaljer
Hovedforfatter: Larroulet Vignau, Cristián (Author)
Andre forfattere: Mochón Morcillo, Francisco (autor)
Format: Bog
Sprog:spansk
Udgivet: Madrid McGraw-Hill 1995
Fag:
Tags: Tilføj Tag
Ingen Tags, Vær først til at tagge denne postø!

MARC

LEADER 00000nam a2200000 a 4500
001 UCY5476
003 CL-VaPUC
008 950508e19950000SP |||||||||||||||||spa|d
082 0 4 |a 330  |b LAR  |2 21 
100 |a Larroulet Vignau, Cristián  |e author  |9 476435 
700 |a Mochón Morcillo, Francisco  |e autor  |9 582875 
245 1 0 |a Economía 
300 |a 662 p 
942 |c BK 
945 |d 19950508 00:00:00  |a awong 
260 |a Madrid  |b McGraw-Hill  |c 1995 
650 0 |a Economía   |9 255568 
650 0 |a Microeconomía  |9 258126 
650 0 |a Mercado  |9 321497 
650 0 |a Macroeconomía   |9 260301 
650 0 |a Economía internacional  |9 258254 
650 7 |a INGRESO  |2 CL-VaPUC  |9 334287 
650 0 |a Distribución del ingreso  |9 334288 
650 7 |a INGRESO NACIONAL  |2 CL-VaPUC  |9 334289 
583 |a last modification  |c 20160426 12:22:40  |k Rodrigo Vera 
999 |c 233134  |d 233132 
952 |0 0  |1 0  |4 0  |6 330_000000000000000_LAR_1995  |7 0  |8 A  |9 238353  |a BIBCUR  |b BIBCUR  |d 2019-11-18  |i 3088626  |o 330 LAR 1995  |p 3088626  |r 2025-04-22  |w 2019-11-18  |y BK  |k PER 
952 |0 0  |1 0  |4 0  |6 330_000000000000000_LAR_1995  |7 0  |8 A  |9 238354  |a BIBCUR  |b BIBCUR  |d 2019-11-18  |i 3088634  |o 330 LAR 1995  |p 3088634  |r 2025-04-22  |w 2019-11-18  |y BK  |k PER 
952 |0 0  |1 0  |4 0  |6 330_000000000000000_LAR_1995  |7 0  |8 A  |9 238355  |a BIBCUR  |b BIBCUR  |d 2019-11-18  |i 3285650  |o 330 LAR 1995  |p 3285650  |r 2025-04-22  |w 2019-11-18  |y BK  |k PER 
952 |0 0  |1 0  |4 0  |6 330_000000000000000_LAR_1995  |7 0  |8 A  |9 238356  |a BIBCUR  |b BIBCUR  |d 2019-11-18  |i 3284417  |o 330 LAR 1995  |p 3284417  |r 2025-04-22  |w 2019-11-18  |y BK  |k PER 
952 |0 0  |1 0  |4 0  |6 330_000000000000000_LAR_1995  |7 0  |8 A  |9 238357  |a BIBHIS  |b BIBHIS  |d 2019-11-18  |i 3093875  |o 330 LAR 1995  |p 3093875  |r 2025-01-20  |w 2019-11-18  |y BK  |k HIS 
952 |0 0  |1 0  |4 0  |6 330_000000000000000_LAR_1995  |7 0  |8 A  |9 238361  |a BIBING  |b BIBING  |d 2019-11-18  |i 3346463  |o 330 LAR 1995  |p 3346463  |r 2025-01-20  |w 2019-11-18  |y BK  |k ING 
952 |0 0  |1 0  |4 0  |6 330_000000000000000_LAR_1995  |7 0  |8 A  |9 238367  |a BIBING  |b BIBING  |d 2019-11-18  |i 3780791  |o 330 LAR 1995  |p 3780791  |r 2025-01-20  |w 2019-11-18  |y BK  |k TRA 
952 |0 0  |1 0  |4 0  |6 330_000000000000000_LAR_1995  |7 0  |8 A  |9 238369  |a BIBING  |b BIBING  |d 2019-11-18  |i 3782182  |o 330 LAR 1995  |p 3782182  |r 2025-01-20  |w 2019-11-18  |y BK  |k TRA 
952 |0 0  |1 0  |4 0  |6 330_000000000000000_LAR_1995  |7 0  |8 A  |9 238375  |a BIBMEC  |b BIBMEC  |d 2019-11-18  |i 3428001  |o 330 LAR 1995  |p 3428001  |r 2019-11-18  |w 2019-11-18  |y BK  |k MEC 
952 |0 0  |1 0  |4 0  |6 330_000000000000000_LAR_1995  |7 0  |8 A  |9 238376  |a BIBMEC  |b BIBMEC  |d 2019-11-18  |i 3646211  |o 330 LAR 1995  |p 3646211  |r 2024-01-19  |w 2019-11-18  |y BK  |k MEC